Jannaatul Khulood. (Record no. 2470)

MARC details
000 -LEADER
fixed length control field 00541nam a2200229 a 4500
020 ## - INTERNATIONAL STANDARD BOOK NUMBER
ISBN
082 00 - DEWEY DECIMAL CLASSIFICATION NUMBER
Classification number 297.82
Author Cutter RAZ
100 ## - MAIN ENTRY--AUTHOR NAME
Author name Raza, M Momin
245 ## - TITLE STATEMENT
Title Jannaatul Khulood.
260 ## - PUBLICATION, DISTRIBUTION, ETC. (IMPRINT)
Place of publication London
Name of publisher No Publisher
Year of publication 1258
300 ## - PHYSICAL DESCRIPTION
Number of Pages 00p
500 ## - GENERAL NOTE
General note includes index and biblioraphy
505 2# - FORMATTED CONTENTS NOTE
Formatted contents note four parts in two vols.
942 ## - ADDED ENTRY ELEMENTS (KOHA)
Koha item type Books
700 1# -
-- Raza, M Momin
Holdings
Collection code Home library Current library Date acquired Cost, normal purchase price Full call number Accession Number Koha item type
  Henry Martyn Institute Library Henry Martyn Institute Library 06/28/2007 100.00 297.82 RAZ 04304 Books
                   Copyright © 2026 | Henry Martyn Institute | Hyderabad | TS-500052 | INDIA | Implemented by hmi.edu.in
Hit-Count:

Powered by Koha